000 00604nam a22001937a 4500
005 20240321123756.0
010 _aENG-139889
020 _c160.00
035 _aEN-123421
037 _bChampion Publication
082 _a000
100 _aPratap, Gagan
_963782
245 _aCPO Practice King/
_bBy Gagan Pratap
260 _aDelhi
_bChampion Publication
_c2023
270 _a2nd Floor, Jaina Ext. Dr. Mukherjee Nagar
_bDelhi
_e110009
300 _a188p.
_c28cm(pbk)
500 _a1200+ TCS-MCQ Al Latest TCS Questions Asked in SSC Exams Till 2023
942 _2ddc
_cEN
_mCPO
_h000
999 _c201706
_d201706